|
|
|
|
| LEADER |
00000nam a2200000 a 4500 |
| 001 |
vtls009481598 |
| 003 |
SK-MaSNL |
| 005 |
20260331205152.0 |
| 008 |
090309s2008 xo 000 0 slo |
| 015 |
|
|
|a SNBSAB2008-00036
|
| 020 |
|
|
|a 97885148503 (brož.)
|
| 040 |
|
|
|a SNK
|b slo
|c SNK
|e AACR2
|
| 041 |
0 |
|
|a slo
|
| 044 |
|
|
|a xo
|c SK
|
| 072 |
|
7 |
|a 01
|x Bibliografia. Katalógy
|2 konspekt
|
| 080 |
|
|
|a 82:929:821.162.4:07-051:012
|2 2001
|
| 080 |
|
|
|a 929 Revajová, Toňa
|2 2001
|
| 080 |
|
|
|a 821.162.4
|2 2001
|
| 080 |
|
|
|a 07-051
|2 2001
|
| 080 |
|
|
|a 012
|2 2001
|
| 100 |
1 |
|
|a Sobolová, Božena,
|d 1964-
|4 com
|4 bkd
|9 229685
|
| 245 |
1 |
0 |
|a Toňa Revajová
|b výberová personálna bibliografia
|c [zostavila: Božena Sobolová ; Nataša Lajdová]
|
| 250 |
|
|
|a [1. vyd.]
|
| 260 |
|
|
|a Žilina
|b Krajská knižnica
|c 2008
|
| 300 |
|
|
|a 20 s.
|b obr.
|c 21x15 cm
|
| 504 |
|
|
|a Usporiadanie temat.-chronolog. 67 zázn. o čl., kn. a recenzie
|
| 600 |
1 |
7 |
|a Revajová, Toňa,
|d 1948-
|2 SNKMA
|9 199470
|
| 650 |
0 |
7 |
|a literatúra pre deti
|2 snkph
|9 55721
|
| 655 |
|
7 |
|a personálne bibliografie
|2 snkph
|9 70198
|
| 655 |
|
7 |
|a biografické údaje
|2 snkph
|9 289197
|
| 700 |
1 |
|
|a Lajdová, Nataša,
|d 1966-
|4 com
|9 229678
|
| 710 |
2 |
|
|a Krajská knižnica v Žiline
|4 lso
|9 239164
|
| 919 |
|
|
|a 978-80-85148-50-3
|
| 999 |
|
|
|c 1087155
|d 1089085
|
| 952 |
|
|
|a SNK
|b SNK
|y PREZ
|7 0
|p 17A0613504
|o snkOSC 24664
|i snk2009/4806
|8 0
|0 0
|1 0
|4 0
|d 2009-03-09
|l 0
|r 2026-02-24 16:45:44
|w 2026-02-24
|
| 952 |
|
|
|a SNK
|b SNK
|y VYP
|7 0
|p 17A0613459
|o snkOSC 24664 D1
|i snk2009/4807
|8 0
|0 0
|1 0
|4 0
|d 2009-03-09
|l 0
|r 2026-02-24 16:45:44
|w 2026-02-24
|